000 00482nam a2200181Ia 4500
005 20250317130050.0
008 008 250317s9999 xx 000 0 eng d
037 _aTextbook
040 _aFMSL
_beng
_cFMSL
041 _aeng
_2eng
084 _qFMSL
100 _aEresi K
_9738270
245 0 _aManagement of fice is small scale Industries
260 _aAllahabad
_bAllahabad, Vohra Pub.
_c1989
300 _a270p
942 _cTB
999 _c1262144
_d1262144